Подробности
| 000 -МАРКЕР |
| контрольное поле |
02701nam0a2200349 4500 |
| 001 - ИДЕНТИФИКАТОР ЗАПИСИ |
| контрольное поле |
RU\NLR\BIBL_A\022094682 |
| 005 - ИДЕНТИФИКАТОР ВЕРСИИ |
| контрольное поле |
20260409075553.0 |
| 010 ## - МЕЖДУНАРОДНЫЙ СТАНДАРТНЫЙ НОМЕР КНИГИ (ISBN) |
| Номер (ISBN) |
978-5-6048454-4-8 |
| Тираж |
100 |
| 035 ## - ДРУГИЕ СИСТЕМНЫЕ НОМЕРА |
| Идентификатор записи |
(NLR Aleph) 022094682 |
| 100 ## - ДАННЫЕ ОБЩЕЙ ОБРАБОТКИ |
| Данные общей обработки |
20231212d2022 |||y0rusy50 ca |
| 101 0# - ЯЗЫК РЕСУРСА |
| Язык текста, звукозаписи и т.д. |
русский |
| 102 ## - СТРАНА ПУБЛИКАЦИИ ИЛИ ПРОИЗВОДСТВА |
| Страна публикации |
российская федерация |
| 105 ## - ПОЛЕ КОДИРОВАННЫХ ДАННЫХ: ТЕКСТОВЫЕ МАТЕРИАЛЫ, МОНОГРАФИЧЕСКИЕ |
| Кодированные данные о монографическом текстовом документе |
y z 000 y |
| 181 #0 - ПОЛЕ КОДИРОВАННЫХ ДАННЫХ: ВИД СОДЕРЖАНИЯ |
| Код вида содержания (ISBD) |
i |
| Код характеристики содержания (ISBD) |
axxe |
| 182 #0 - ПОЛЕ КОДИРОВАННЫХ ДАННЫХ: ТИП СРЕДСТВА |
| Код типа средства (ISBD) |
n - непосредственное |
| 200 1# - ЗАГЛАВИЕ И СВЕДЕНИЯ ОБ ОТВЕТСТВЕННОСТИ |
| Основное заглавие |
XI Сильвестровские педагогические чтения. Духовность и нравственность в образовательном пространстве: секулярный мир и религиозность |
| Сведения, относящиеся к заглавию |
(к 350-летию со дня рождения Петра I) |
| -- |
материалы Всероссийской научной конференции 24 марта 2022 г. |
| Первые сведения об ответственности |
Министерство просвещения РФ, Филиал ФГБОУ ВО "Омский государственный педагогический университет" в г. Таре, Тарская епархия Омской митрополии РПЦ, Комитет по образованию Администрации Тарского муниципального района |
| Последующие сведения об ответственности |
отв. ред. О. Р. Каюмов - д.ф.-м.н., доцент |
| 203 ## - ВИД СОДЕРЖАНИЯ И ТИП СРЕДСТВА |
| Вид содержания |
Текст |
| Дополнительные сведения об издании |
визуальный |
| Тип средства |
непосредственный |
| 210 ## - ПУБЛИКАЦИЯ, РАСПРОСТРАНЕНИЕ И ДР. |
| Место издания, распространения и т.д. |
Омск |
| -- |
Тара |
| Имя издателя, распространителя и т. д. |
Амфора |
| Дата издания, распространения и т.д. |
2022 |
| 215 ## - ФИЗИЧЕСКАЯ ХАРАКТЕРИСТИКА |
| Специфическое обозначение материала и объем |
179 с. |
| Другие сведения о физической характеристике |
табл. |
| Размеры |
20 |
| 320 ## - ПРИМЕЧАНИЯ О НАЛИЧИИ В ДОКУМЕНТЕ БИБЛИОГРАФИИ / УКАЗАТЕЛЯ |
| Текст примечания |
Библиогр. в конце ст. |
| 517 1# - ДРУГИЕ ВАРИАНТЫ ЗАГЛАВИЯ |
| Вариант заглавия |
Духовность и нравственность в образовательном пространстве: секулярный мир и религиозность (к 350-летию со дня рождения Петра I) |
| 606 ## - НАИМЕНОВАНИЕ ТЕМЫ КАК ПРЕДМЕТ |
| Наименование темы |
Учащиеся |
| Тематический подзаголовок |
Духовно-нравственное воспитание |
| Формальный подзаголовок |
Съезды, совещания и т.п |
| Идентификатор авторитетной/нормативной записи |
RU\NLR\AUTH\661472162 |
| Системный номер авторитетной/нормативной записи |
2479757 |
| 686 1# - ИНДЕКСЫ ДРУГИХ КЛАССИФИКАЦИЙ |
| Индекс |
Ч313.52я431 |
| 702 #1 - ИМЯ ЛИЦА - ВТОРИЧНАЯ ОТВЕТСТВЕННОСТЬ |
| Начальный элемент ввода |
Каюмов |
| Часть имени, кроме начального элемента ввода |
О. Р. |
| Дополнения к именам, кроме дат |
д-р физ.-мат. наук, математика, экономика |
| Расширение инициалов личного имени |
Олег Рашидович |
| Системный номер авторитетной/нормативной записи |
153389 |
| Идентификатор авторитетной/нормативной записи |
RU\NLR\AUTH\770153427 |
| 711 12 - НАИМЕНОВАНИЕ ОРГАНИЗАЦИИ - АЛЬТЕРНАТИВНАЯ ОТВЕТСТВЕННОСТЬ |
| Начальный элемент ввода |
Сильвестровские педагогические чтения |
| Порядковый номер временной организации и / или порядковый номер ее части |
11 |
| Место проведения временной организации |
Тара |
| Дата проведения временной организации |
2022 |
| Системный номер авторитетной/нормативной записи |
873515 |
| Идентификатор авторитетной/нормативной записи |
RU\NLR\AUTH\880601664 |
| 712 02 - НАИМЕНОВАНИЕ ОРГАНИЗАЦИИ - ВТОРИЧНАЯ ОТВЕТСТВЕННОСТЬ |
| Код отношения |
Организатор конференции |
| Начальный элемент ввода |
Омский государственный педагогический университет |
| Структурное подразделение |
Тарский филиал |
| Идентификатор авторитетной/нормативной записи |
RU\NLR\AUTH\8810055371 |
| Системный номер авторитетной/нормативной записи |
611303 |
| 942 ## - ДОПОЛНИТЕЛЬНЫЕ ЭЛЕМЕНТЫ ЗАПИСИ (АБИС) |
| Тип экземпляра АБИС |
Книга |
| 980 ## - КОЛЛЕКЦИЯ |
| Название коллекции |
Национальная библиография |